000 00588nam a2200193Ia 4500
005 20250508161709.0
008 008 250505s9999 xx 000 0 eng d
037 _aTextual
040 _aFEDL
_beng
_cFEDL
041 _aeng
_2eng
084 _a372.6, SMI
_qFEDL
100 _aSmith E Brooks
_9771380
245 0 _aLanguage and thinking in the elementary school
260 _aNew York, USA
_bHolt, Rinehart and Winston
_c1970
300 _avii,376p.
700 _a Goodman Kenneth S Meredith Robert
_9771381
942 _cTEXL
_h372.6, SMI
999 _c1371609
_d1371609